Statistics for Subdivisions of the German Empire in 1914 with a Map

Click here to take the quiz!

General Stats

  • This quiz has been taken 6,955 times
    (4,744 since last reset)
  • The average score is 19 of 35

Answers on the Map

Answers color-coded by a green-red scale on the quiz's map according to % correct below.
 

Answer Stats

Provinces% Correct
Prussia
97%
Bavaria
96%
Saxony
84%
Hamburg
83%
Kamerun
79%
Togoland
79%
Alsace-Lorraine
77%
Baden
76%
Bremen
72%
Württemberg
72%
Hesse
64%
East Africa
63%
Mecklenburg-Schwerin
62%
Mecklenburg-Strelitz
61%
New Guinea
61%
South West Africa
59%
Lübeck
51%
Oldenburg
49%
Anhalt
47%
Saxe-Coburg-Gotha
45%
Saxe-Weimar-Eisenach
45%
Tianjin
44%
Kiautschou Bay
43%
Saxe-Altenburg
42%
Saxe-Meiningen
42%
Samoa
40%
Brunswick
33%
Hankou
32%
Lippe
28%
Schaumburg-Lippe
28%
Reuss-Gera
27%
Reuss-Greiz
23%
Waldeck-Pyrmont
18%
Schwarzburg-Rudolstadt
17%
Schwarzburg-Sondershausen
17%

Score Distribution

Percentile by Number Answered

Percent of People with Each Score

Your Score History

You have not taken this quiz since the last reset